Taylor Swift - Devine les chansons par leurs 1ère phrases #4 - Statistiques

Statistiques générales
  • Ce quiz a été pris 316 fois
  • Le résultat moyen est 9 sur 15
Statistiques - réponses
Hint Réponse % Correct
Salt air, and the rust on your door august
93%
I said remember this moment Long Live
91%
Draw the cat eye, sharp enough to kill a man Vigilante Shit
89%
Never be so kind, you forget to be clever Marjorie
85%
I remember when we broke up the first time We Are Never Ever Getting Back Together
84%
Oh, here we go again. My Boy Only Breaks His Favorite Toys
81%
Midnight Style
69%
I'm perfectly fine, I live on my own King Of My Heart
68%
There's somethin' bout the way Fearless
56%
The drought was the very worst, ah-ah, ah-ah Clean
51%
We were in the backseat Cornelia Street
41%
Don't look at me, you got a *** Girl At Home
40%
I washed my hands of us at the club Hits Different
33%
I'm five years old The Best Day
25%
It's strange to think the songs we used to sing Should’ve Said No
16%
Aucun quiz correspondant
Distribution des résultats
% des personnes avec chaque résultat
Percentile par nombre de réponses
Votre historique - résultats
Vous n’avez pas pris ce quiz